00846 2200193 4500245009900000020002200099250001100121700002000132700002200152100002100174650001100195005001900206260004000225041001400265084001000279300002300289500033100312336000900643 aRahasia - Rahasia Besar dalam Bisnis b : Prinsip Manajemen yang BaikcSloan, Alfred P.hText a978-979-583-832-6 aCet. 1 aR. Sutoyo Bakir aY. Istiyono Wahyu aSloan, Alfred P. aBisnis a20240508080031 aTangerangbKarisma Publishingc2011 aIndonesia a650.1 a156 hlm. :c14 cm. aBuku ini bukan tentang benang-benang inspirasi, dan juga bukan berisi materi yang dipoles seperti kutipan dari laporan tahunan. Dari sifatnya, pemimpin industri tersebut adalah karakter yang dinamis, dan saya menginginkan tulisan yamg menangkap persona mereka dan menunjukkan vitalitas mereka melalui kata-kata mereka sendiri. atext